[Event "Helsinki-ch Master"]
[Site "Helsinki"]
[Date "2020.01.02"]
[Round "5"]
[White "Patosalmi, Juha"]
[Black "Vainikka, Toni"]
[Result "1-0"]
[WhiteElo "1913"]
[BlackElo "1951"]
[PlyCount "57"]
[EventDate "2019.12.28"]
[EventType "tourn"]
[EventRounds "7"]
[EventCountry "FIN"]
[SourceTitle "EXT 2021"]
[Source "ChessBase"]
[SourceDate "2020.10.23"]
[SourceVersion "1"]
[SourceVersionDate "2020.10.23"]
[SourceQuality "1"]

1. d4 d5 2. c4 dxc4 3. e4 Nc6 4. d5 Ne5 5. Qd4 Nd3+ 6. Bxd3 cxd3 7. Nc3 e6 8. Nf3 Nf6 9. Bf4 a6 10. Rc1 exd5 11. Nxd5 Bd6 12. Bxd6 Nxd5 13. Qe5+ Be6 14. exd5 cxd6 15. Qxg7 Qa5+ 16. Nd2 Ke7 17. dxe6 Kxe6 18. Qh6+ f6 19. 0-0 Rag8 20. g3 Rg5 21. Ne4 Rg6 22. Qe3 f5 23. Nc3+ Kd7 24. Qxd3 f4 25. Qd5 Qb4 26. Qf7+ Kd8 27. Nd5 Qe4 28. Rc8+ Kxc8 29. Qc7# 1-0

[Event "Helsinki-ch Master"]
[Site "Helsinki"]
[Date "2020.01.01"]
[Round "4"]
[White "Pasanen, Tuomo Tapio"]
[Black "Patosalmi, Juha"]
[Result "0-1"]
[WhiteElo "2076"]
[BlackElo "1913"]
[PlyCount "95"]
[EventDate "2019.12.28"]
[EventType "tourn"]
[EventRounds "7"]
[EventCountry "FIN"]
[SourceTitle "EXT 2021"]
[Source "ChessBase"]
[SourceDate "2020.10.23"]
[SourceVersion "1"]
[SourceVersionDate "2020.10.23"]
[SourceQuality "1"]

1. e4 c5 2. Nc3 g6 3. g3 Bg7 4. Bg2 Nc6 5. Nh3 e6 6. 0-0 Nge7 7. d3 0-0 8. f4 d6 9. g4 f5 10. gxf5 gxf5 11. Ne2 Ng6 12. Ng3 Nh4 13. c3 Nxg2 14. Kxg2 Bd7 15. Be3 Ne7 16. Ng5 Qe8 17. Qb3 Ng6 18. Nxf5 Rxf5 19. exf5 Nh4+ 20. Kg1 Nxf5 21. Rae1 h6 22. Nf3 Ba4 23. Qxb7 Rb8 24. Qa6 Rxb2 25. Rf2 Bb5 26. Qxa7 Qg6+ 27. Ng5 Rxf2 28. Qb8+ Be8 29. Kxf2 hxg5 30. Rg1 g4 31. Rxg4 Qxg4 32. Qxe8+ Kh7 33. Qxe6 Bxc3 34. Qe4 Qh4+ 35. Kg2 Qf6 36. Bf2 Qg6+ 37. Kf1 Qg4 38. a4 Qd1+ 39. Kg2 Qg4+ 40. Kf1 Qh3+ 41. Ke2 Kg7 42. Bg3 Qg4+ 43. Kf2 Bd4+ 44. Kg2 Ne3+ 45. Kf2 Kf6 46. a5 Qh3 47. Qh1 Nf5+ 48. Kf3 0-1

[Event "Helsinki-ch Master"]
[Site "Helsinki"]
[Date "2019.12.30"]
[Round "3"]
[White "Patosalmi, Juha"]
[Black "Sjoman, Tapani"]
[Result "1/2-1/2"]
[WhiteElo "1913"]
[BlackElo "1980"]
[PlyCount "32"]
[EventDate "2019.12.28"]
[EventType "tourn"]
[EventRounds "7"]
[EventCountry "FIN"]
[SourceTitle "EXT 2021"]
[Source "ChessBase"]
[SourceDate "2020.10.23"]
[SourceVersion "1"]
[SourceVersionDate "2020.10.23"]
[SourceQuality "1"]

1. d4 d5 2. c4 c6 3. Nf3 Nf6 4. Nc3 e6 5. e3 Be7 6. Qc2 0-0 7. Bd3 h6 8. 0-0 Nbd7 9. Re1 Qc7 10. e4 dxe4 11. Nxe4 Nxe4 12. Rxe4 c5 13. d5 Nf6 14. Bf4 Qd8 15. Ree1 exd5 16. cxd5 Nxd5 1/2-1/2

[Event "Helsinki-ch Master"]
[Site "Helsinki"]
[Date "2019.12.29"]
[Round "2"]
[White "Elomaa, Arto"]
[Black "Patosalmi, Juha"]
[Result "1-0"]
[WhiteElo "2140"]
[BlackElo "1913"]
[PlyCount "65"]
[EventDate "2019.12.28"]
[EventType "tourn"]
[EventRounds "7"]
[EventCountry "FIN"]
[SourceTitle "EXT 2021"]
[Source "ChessBase"]
[SourceDate "2020.10.23"]
[SourceVersion "1"]
[SourceVersionDate "2020.10.23"]
[SourceQuality "1"]

1. d4 d5 2. Nf3 Nf6 3. c4 dxc4 4. e3 e6 5. Bxc4 c5 6. 0-0 a6 7. a4 Nc6 8. Qe2 cxd4 9. Rd1 Bd6 10. exd4 Qc7 11. Nc3 0-0 12. Bg5 Nh5 13. g3 h6 14. Bd2 Nf6 15. Rac1 Re8 16. Ne4 Nxe4 17. Qxe4 Qe7 18. Ne5 Bd7 19. Nxd7 Qxd7 20. Qg4 Kf8 21. d5 Ne5 22. Qe4 Nxc4 23. Qxc4 e5 24. Bb4 Kg8 25. Bxd6 Qxd6 26. Qc7 Qb4 27. d6 Qxb2 28. d7 Red8 29. Rb1 Qa3 30. Qxb7 Qxa4 31. Rbc1 Kf8 32. Qxa8 Rxa8 33. Rc8+ 1-0

[Event "Heart of Finland op 29th"]
[Site "Jyvaskyla"]
[Date "2019.07.21"]
[Round "9"]
[White "Aalto, Patrik"]
[Black "Patosalmi, Juha"]
[Result "1-0"]
[WhiteElo "2069"]
[BlackElo "1933"]
[PlyCount "43"]
[EventDate "2019.07.15"]
[EventType "swiss"]
[EventRounds "9"]
[EventCountry "FIN"]
[SourceTitle "EXT 2021"]
[Source "ChessBase"]
[SourceDate "2020.10.23"]
[SourceVersion "1"]
[SourceVersionDate "2020.10.23"]
[SourceQuality "1"]

1. e4 c5 2. Nf3 d6 3. d4 cxd4 4. Nxd4 Nf6 5. Nc3 a6 6. Be3 e5 7. Nb3 Be6 8. f3 Nbd7 9. Qd2 b5 10. g4 b4 11. Ne2 Bxg4 12. fxg4 Nxe4 13. Qd5 Nef6 14. Qg2 d5 15. g5 Ne4 16. 0-0-0 a5 17. Rxd5 a4 18. Qxe4 axb3 19. Rxd7 bxa2 20. Rxd8+ Rxd8 21. Qc6+ Rd7 22. Qa8+ 1-0

[Event "Heart of Finland op 29th"]
[Site "Jyvaskyla"]
[Date "2019.07.17"]
[Round "4"]
[White "Vihinen, Teemu"]
[Black "Patosalmi, Juha"]
[Result "1-0"]
[WhiteElo "2142"]
[BlackElo "1933"]
[PlyCount "37"]
[EventDate "2019.07.15"]
[EventType "swiss"]
[EventRounds "9"]
[EventCountry "FIN"]
[SourceTitle "EXT 2021"]
[Source "ChessBase"]
[SourceDate "2020.10.23"]
[SourceVersion "1"]
[SourceVersionDate "2020.10.23"]
[SourceQuality "1"]

1. e4 e5 2. Nf3 Nf6 3. Nxe5 d6 4. Nf3 Nxe4 5. Nc3 Nxc3 6. dxc3 Be7 7. Be3 Nc6 8. Qd2 Be6 9. 0-0-0 Ne5 10. Nd4 Bc4 11. Nf5 Bxf1 12. Nxg7+ Kf8 13. Bh6 Kg8 14. Rhxf1 Qd7 15. Qf4 Ng4 16. Nf5 Nxh6 17. Nxh6+ Kg7 18. Nf5+ Kg6 19. Qh6+ 1-0

[Event "Helsinki EtVaS op"]
[Site "Helsinki"]
[Date "2019.05.18"]
[Round "2"]
[White "Patosalmi, Juha"]
[Black "Blinkov, Pavel Vladimir"]
[Result "0-1"]
[WhiteElo "1917"]
[BlackElo "2309"]
[PlyCount "140"]
[EventDate "2019.05.17"]
[EventType "swiss"]
[EventRounds "5"]
[EventCountry "FIN"]
[SourceTitle "CBM 195 Extra"]
[Source "ChessBase"]
[SourceDate "2020.05.31"]
[SourceVersion "1"]
[SourceVersionDate "2020.05.31"]
[SourceQuality "1"]

1. d4 e6 2. c4 d5 3. Nf3 c6 4. Nc3 dxc4 5. a4 Bb4 6. e3 b5 7. axb5 cxb5 8. Bd2 Qb6 9. Ne5 Nf6 10. b3 0-0 11. bxc4 bxc4 12. Bxc4 Nc6 13. Na4 Bxd2+ 14. Qxd2 Qc7 15. Nf3 Na5 16. Ba2 Ne4 17. Rc1 Qd8 18. Qd3 Bb7 19. 0-0 Rc8 20. Bb1 g6 21. Qb5 Nd6 22. Rxc8 Nxc8 23. Ne5 Nd6 24. Qb4 Nc6 25. Qc5 Nxe5 26. dxe5 Qg5 27. f3 Nc8 28. Nc3 Rd8 29. Ne4 Bxe4 30. Bxe4 Qe7 31. Qxe7 Nxe7 32. Ra1 Rd7 33. Kf2 Nc8 34. Ke2 Nb6 35. f4 h5 36. Bc6 Rc7 37. Be4 Nd7 38. Ra6 Nb8 39. Ra4 Kf8 40. h3 Ke7 41. g4 hxg4 42. hxg4 Kd8 43. Ra2 Nd7 44. Ra6 Nc5 45. Rd6+ Kc8 46. Bf3 a5 47. Rc6 Kd7 48. Rd6+ Kc8 49. Rc6 a4 50. Kd2 Kd7 51. Rxc7+ Kxc7 52. Kc3 Kb6 53. Kb4 g5 54. Bg2 gxf4 55. exf4 Nd3+ 56. Kxa4 Nxf4 57. Be4 Kc5 58. Bh7 Ng6 59. Bg8 Nxe5 60. g5 Kd6 61. Kb4 Ke7 62. Kc5 Ng6 63. Bh7 Kf8 64. Bxg6 fxg6 65. Kd4 Ke8 66. Ke4 Kd7 67. Ke5 Ke7 68. Ke4 Kd6 69. Kd4 e5+ 70. Ke4 Ke6 0-1

[Event "Helsinki HSL Easter op"]
[Site "Helsinki"]
[Date "2019.04.21"]
[Round "4"]
[White "Lehtinen, Helja"]
[Black "Patosalmi, Juha"]
[Result "1/2-1/2"]
[WhiteElo "1659"]
[BlackElo "1919"]
[PlyCount "82"]
[EventDate "2019.04.19"]
[EventType "swiss"]
[EventRounds "6"]
[EventCountry "FIN"]
[SourceTitle "CBM 195 Extra"]
[Source "ChessBase"]
[SourceDate "2020.05.31"]
[SourceVersion "1"]
[SourceVersionDate "2020.05.31"]
[SourceQuality "1"]

1. d4 d5 2. c4 e6 3. Nc3 c6 4. Nf3 Nf6 5. Bg5 h6 6. Bh4 dxc4 7. a4 Bb4 8. Ne5 Qa5 9. Qc2 g5 10. Bg3 b5 11. Rc1 Bb7 12. e3 Nbd7 13. Be2 c5 14. 0-0 Bxc3 15. bxc3 Be4 16. Qa2 Nb6 17. dxc5 Nxa4 18. Bd1 0-0 19. Bxa4 bxa4 20. Nxc4 Qa6 21. Nd6 Bc6 22. Rfd1 Qa5 23. Qa3 Nd7 24. Nc4 Qb5 25. Qb4 Rfd8 26. Bd6 a6 27. Na5 Bd5 28. Rb1 Qxb4 29. Rxb4 Bb3 30. Rb1 Rac8 31. Nxb3 axb3 32. R4xb3 Nxc5 33. Bxc5 Rxc5 34. g3 a5 35. Ra1 Ra8 36. Rba3 Kg7 37. h3 Kf6 38. Kg2 Ra7 39. Ra4 Kg6 40. c4 Kf6 41. f4 Kg6 1/2-1/2

[Event "FIN-chT2 Gp1 1819"]
[Site "Finland"]
[Date "2018.09.16"]
[Round "2.1"]
[White "Patosalmi, Juha"]
[Black "Kivi, Jouni"]
[Result "1/2-1/2"]
[WhiteElo "1938"]
[BlackElo "1998"]
[PlyCount "34"]
[EventDate "2018.09.15"]
[EventType "team-tourn"]
[EventRounds "6"]
[EventCountry "FIN"]
[SourceTitle "EXT 2020"]
[Source "ChessBase"]
[SourceDate "2019.10.17"]
[SourceVersion "1"]
[SourceVersionDate "2019.10.17"]
[SourceQuality "1"]
[WhiteTeam "Vantaa EtVaS III"]
[BlackTeam "Hameenlinna"]
[WhiteTeamCountry "FIN"]
[BlackTeamCountry "FIN"]

1. d4 Nf6 2. c4 e5 3. dxe5 Ng4 4. Nf3 Bc5 5. e3 Nc6 6. Be2 0-0 7. 0-0 Ngxe5 8. Nbd2 a5 9. b3 Qf6 10. Rb1 Nxf3+ 11. Bxf3 Ne5 12. Be4 d6 13. Bb2 Qh6 14. Nf3 Ng4 15. Bd4 Re8 16. Bc2 Bxd4 17. Qxd4 Qf6 1/2-1/2

[Event "Helsinki HSK op"]
[Site "Helsinki"]
[Date "2018.08.31"]
[Round "1"]
[White "Patosalmi, Juha"]
[Black "Laajo, Juha"]
[Result "1/2-1/2"]
[WhiteElo "1945"]
[BlackElo "1937"]
[PlyCount "78"]
[EventDate "2018.08.31"]
[EventType "swiss"]
[EventRounds "5"]
[EventCountry "FIN"]
[SourceTitle "EXT 2021"]
[Source "ChessBase"]
[SourceDate "2020.10.23"]
[SourceVersion "1"]
[SourceVersionDate "2020.10.23"]
[SourceQuality "1"]

1. d4 Nf6 2. c4 e6 3. Nf3 d5 4. Nc3 c5 5. cxd5 cxd4 6. Nxd4 Nxd5 7. Bd2 Be7 8. e3 0-0 9. Be2 e5 10. Nf3 Nc6 11. e4 Nf4 12. Bxf4 exf4 13. Qxd8 Rxd8 14. Nd5 Bb4+ 15. Nxb4 Nxb4 16. 0-0 Bg4 17. a3 Nd3 18. b4 Ne5 19. Nxe5 Bxe2 20. Rfe1 Bh5 21. f3 f6 22. Nc4 Rac8 23. Rac1 Rc7 24. Nb2 Rdc8 25. Rxc7 Rxc7 26. Nd3 g5 27. Rc1 Rd7 28. Rc8+ Kg7 29. Nc5 Rd1+ 30. Kf2 Rd2+ 31. Kf1 b6 32. Ne6+ Kf7 33. Nd8+ Kg6 34. Ra8 a5 35. bxa5 bxa5 36. Nc6 Rc2 37. Nxa5 Rc1+ 38. Ke2 Rc2+ 39. Kf1 Rc1+ 1/2-1/2

[Event "Helsinki Easter op"]
[Site "Helsinki"]
[Date "2018.03.31"]
[Round "2"]
[White "Patosalmi, Juha"]
[Black "Norlamo, Sarabella"]
[Result "1/2-1/2"]
[WhiteElo "1919"]
[BlackElo "1821"]
[PlyCount "51"]
[EventDate "2018.03.30"]
[EventType "swiss"]
[EventRounds "6"]
[EventCountry "FIN"]
[SourceTitle "EXT 2019"]
[Source "ChessBase"]
[SourceDate "2018.10.10"]
[SourceVersion "1"]
[SourceVersionDate "2018.10.10"]
[SourceQuality "1"]

1. d4 Nf6 2. c4 g6 3. Nc3 Bg7 4. e4 d6 5. Nf3 Nbd7 6. Be2 0-0 7. 0-0 e5 8. dxe5 Nxe5 9. Nxe5 dxe5 10. Qc2 c6 11. Rd1 Qc7 12. Be3 Be6 13. Rd2 Rfd8 14. Rad1 Rxd2 15. Rxd2 Nd7 16. Qd1 Bf6 17. b3 Rd8 18. Na4 Be7 19. Kf1 Kf8 20. Nc5 Nxc5 21. Rxd8+ Bxd8 22. Bxc5+ Be7 23. Be3 b6 24. Bg4 Qc8 25. Bh6+ Ke8 26. Bxe6 1/2-1/2

[Event "Helsinki-chA"]
[Site "Helsinki"]
[Date "2018.01.02"]
[Round "4"]
[White "Patosalmi, Juha"]
[Black "Norlamo, Sarabella"]
[Result "1-0"]
[WhiteElo "1946"]
[BlackElo "1746"]
[PlyCount "83"]
[EventDate "2017.12.29"]
[EventType "tourn"]
[EventRounds "7"]
[EventCountry "FIN"]
[SourceTitle "EXT 2019"]
[Source "ChessBase"]
[SourceDate "2018.10.10"]
[SourceVersion "1"]
[SourceVersionDate "2018.10.10"]
[SourceQuality "1"]

1. e4 e5 2. Nf3 Nc6 3. d4 exd4 4. Nxd4 Qf6 5. Be3 Bc5 6. c3 Nge7 7. Bc4 0-0 8. 0-0 Bb6 9. Qd2 h6 10. Na3 Nxd4 11. Bxd4 Bxd4 12. Qxd4 Qxd4 13. cxd4 c6 14. d5 Re8 15. d6 Ng6 16. Rae1 Ne5 17. f4 Nxc4 18. Nxc4 b5 19. Nd2 Bb7 20. Nb3 a5 21. Nc5 Bc8 22. b3 Ra7 23. e5 b4 24. f5 Kh7 25. Rf4 Kg8 26. Rd4 Kf8 27. e6 f6 28. Kf2 Kg8 29. exd7 Bxd7 30. Rxe8+ Bxe8 31. d7 Bxd7 32. Rxd7 Rxd7 33. Nxd7 Kf7 34. Nb8 c5 35. Nc6 a4 36. bxa4 Ke8 37. Ke3 Kd7 38. Na5 Kd6 39. Ke4 h5 40. Nc4+ Kc6 41. h4 Kb7 42. Kd5 1-0

[Event "Helsinki We HSK kevat A"]
[Site "Helsinki"]
[Date "2017.05.27"]
[Round "3"]
[White "Penttila, Tero"]
[Black "Patosalmi, Juha"]
[Result "1/2-1/2"]
[WhiteElo "1969"]
[BlackElo "1923"]
[PlyCount "22"]
[EventDate "2017.05.26"]
[EventType "swiss"]
[EventRounds "4"]
[EventCountry "FIN"]
[SourceTitle "EXT 2022"]
[Source "ChessBase"]
[SourceDate "2021.10.06"]
[SourceVersion "1"]
[SourceVersionDate "2021.10.06"]
[SourceQuality "1"]

1. e4 e5 2. Nf3 Nc6 3. Bb5 Nf6 4. d3 Bc5 5. 0-0 d6 6. h3 a6 7. Ba4 b5 8. Bb3 Na5 9. Nc3 Nxb3 10. axb3 c6 11. Ne2 0-0 1/2-1/2

[Event "Helsinki We EtVaS B"]
[Site "Helsinki"]
[Date "2017.05.06"]
[Round "2"]
[White "Suominen, Antti"]
[Black "Patosalmi, Juha"]
[Result "1-0"]
[WhiteElo "2015"]
[BlackElo "1923"]
[PlyCount "51"]
[EventDate "2017.05.05"]
[EventType "swiss"]
[EventRounds "5"]
[EventCountry "FIN"]
[SourceTitle "EXT 2022"]
[Source "ChessBase"]
[SourceDate "2021.10.06"]
[SourceVersion "1"]
[SourceVersionDate "2021.10.06"]
[SourceQuality "1"]

1. e4 e5 2. Nf3 Nc6 3. d4 exd4 4. Nxd4 Bc5 5. Nxc6 bxc6 6. Bd3 Qh4 7. 0-0 Nf6 8. Qf3 0-0 9. Nc3 d6 10. Bf4 Nh5 11. Bg3 Nxg3 12. hxg3 Qg4 13. Na4 Bd4 14. c3 Be5 15. Qxg4 Bxg4 16. f3 Bd7 17. f4 Bf6 18. Rad1 c5 19. Bc2 Rab8 20. e5 Bxa4 21. Bxa4 dxe5 22. fxe5 Bxe5 23. Bb3 c4 24. Bxc4 Rxb2 25. Rxf7 Rxf7 26. Rd8# 1-0

[Event "Helsinki We Garde Spring A"]
[Site "Helsinki"]
[Date "2017.04.02"]
[Round "4"]
[White "Patosalmi, Juha"]
[Black "Alho, Mikko"]
[Result "1/2-1/2"]
[WhiteElo "1765"]
[BlackElo "2038"]
[PlyCount "71"]
[EventDate "2017.03.31"]
[EventType "swiss"]
[EventRounds "5"]
[EventCountry "FIN"]
[SourceTitle "EXT 2022"]
[Source "ChessBase"]
[SourceDate "2021.10.06"]
[SourceVersion "1"]
[SourceVersionDate "2021.10.06"]
[SourceQuality "1"]

1. e4 c5 2. Nf3 d6 3. d4 cxd4 4. Nxd4 Nf6 5. Nc3 g6 6. Be3 Bg7 7. f3 0-0 8. Qd2 Nc6 9. 0-0-0 d5 10. exd5 Nxd5 11. Nxc6 bxc6 12. Bd4 Bxd4 13. Qxd4 Qb6 14. Nxd5 cxd5 15. Qxb6 axb6 16. a3 Rd8 17. Bc4 Bb7 18. Bb3 Rac8 19. Rd2 e6 20. Rhd1 Ba6 21. Rd4 Kf8 22. Kd2 Bb7 23. Ke1 Ke7 24. Rh4 h5 25. c4 dxc4 26. Rxd8 Rxd8 27. Rxc4 Bd5 28. Rb4 Bxb3 29. Rxb3 Rd6 30. Ke2 e5 31. h4 Ke6 32. g3 f5 33. Rb4 Kf6 34. a4 Ke6 35. b3 Kd5 36. Ke3 1/2-1/2

[Event "Helsinki We Garde Spring A"]
[Site "Helsinki"]
[Date "2017.04.02"]
[Round "5"]
[White "Patosalmi, Juha"]
[Black "Linqvist, Grels"]
[Result "1/2-1/2"]
[WhiteElo "1765"]
[BlackElo "2038"]
[PlyCount "23"]
[EventDate "2017.03.31"]
[EventType "swiss"]
[EventRounds "5"]
[EventCountry "FIN"]
[SourceTitle "EXT 2022"]
[Source "ChessBase"]
[SourceDate "2021.10.06"]
[SourceVersion "1"]
[SourceVersionDate "2021.10.06"]
[SourceQuality "1"]

1. e4 e6 2. d4 d5 3. Nc3 Bb4 4. Qg4 Nf6 5. Qxg7 Rg8 6. Qh6 Rg6 7. Qe3 dxe4 8. Bd2 Bxc3 9. Bxc3 Bd7 10. g3 Bc6 11. Bg2 Nd5 12. Qd2 1/2-1/2

[Event "Tampere We TammerSh A"]
[Site "Tampere"]
[Date "2017.03.25"]
[Round "1"]
[White "Ertbjerg, Per"]
[Black "Patosalmi, Juha"]
[Result "0-1"]
[WhiteElo "1916"]
[BlackElo "1765"]
[PlyCount "90"]
[EventDate "2017.03.25"]
[EventType "swiss"]
[EventRounds "4"]
[EventCountry "FIN"]
[SourceTitle "EXT 2022"]
[Source "ChessBase"]
[SourceDate "2021.10.06"]
[SourceVersion "1"]
[SourceVersionDate "2021.10.06"]
[SourceQuality "1"]

1. Nf3 d5 2. c4 c6 3. d4 Nf6 4. Bg5 e6 5. Nc3 Be7 6. e3 0-0 7. Qc2 Nbd7 8. Bd3 dxc4 9. Bxc4 b5 10. Bd3 a6 11. 0-0 h6 12. Bh4 c5 13. Rfd1 cxd4 14. exd4 Bb7 15. Qe2 Nd5 16. Qe4 g6 17. Bxe7 Qxe7 18. Nxd5 Bxd5 19. Qe3 Bxf3 20. Qxf3 Nb6 21. Be4 Rad8 22. Rac1 Nd5 23. Rc5 Nf6 24. Bb7 Rxd4 25. Rdc1 Rfd8 26. Rc8 a5 27. g3 Kg7 28. R8c7 Qb4 29. b3 Rd2 30. Bc8 Qd6 31. R1c6 Qd5 32. Qxd5 Nxd5 33. Rb7 Kf6 34. Rc5 b4 35. Ra7 Rxa2 36. Ba6 a4 37. Bc4 axb3 38. Rxa2 bxa2 39. Bxa2 Nc3 40. Bb3 Ne2+ 41. Kg2 Nd4 42. Ba4 Rb8 43. f4 b3 44. Rc1 Rb4 45. Bd7 b2 0-1

[Event "Helsinki We HSK talvi"]
[Site "Helsinki"]
[Date "2017.01.28"]
[Round "3"]
[White "Hallenberg, Sami"]
[Black "Patosalmi, Juha"]
[Result "1/2-1/2"]
[WhiteElo "2100"]
[BlackElo "1900"]
[PlyCount "33"]
[EventDate "2017.01.27"]
[EventType "swiss"]
[EventRounds "5"]
[EventCountry "FIN"]
[SourceTitle "EXT 2022"]
[Source "ChessBase"]
[SourceDate "2021.10.06"]
[SourceVersion "1"]
[SourceVersionDate "2021.10.06"]
[SourceQuality "1"]

1. e4 e5 2. Nc3 Nf6 3. Bc4 Nxe4 4. Qh5 Nd6 5. Bb3 Be7 6. Nf3 Nc6 7. Nxe5 Nxe5 8. Qxe5 0-0 9. 0-0 Bf6 10. Qf4 Bg5 11. Qf3 Qf6 12. Qxf6 Bxf6 13. Nd5 Bd8 14. d4 Nf5 15. c3 c6 16. Ne3 d5 17. Nxf5 1/2-1/2